Every Country to win an Olympic Medal: Wrestling - Statistics

General Stats
  • This quiz has been taken 48 times
    33 since last reset
  • The average score is 70 of 108
Answer Stats
Sport # of Medals Country % Correct
Greco-Roman Wrestling 22 Russia
100%
Freestyle Wrestling 34 Russia
100%
Greco-Roman Wrestling 15 USA
100%
Freestyle Wrestling 129 USA
100%
Greco-Roman Wrestling 22 Germany
96%
Freestyle Wrestling 7 Germany
96%
Freestyle Wrestling 17 Great Britain
96%
Greco-Roman Wrestling 17 Japan
96%
Freestyle Wrestling 70 Japan
96%
Greco-Roman Wrestling 1 Mexico
91%
Greco-Roman Wrestling 21 Poland
91%
Freestyle Wrestling 6 Poland
91%
Freestyle Wrestling 17 Canada
87%
Greco-Roman Wrestling 8 China
87%
Freestyle Wrestling 12 China
87%
Greco-Roman Wrestling 9 France
87%
Freestyle Wrestling 9 France
87%
Greco-Roman Wrestling 13 Iran
87%
Freestyle Wrestling 42 Iran
87%
Freestyle Wrestling 10 Mongolia
87%
Greco-Roman Wrestling 60 Soviet Union
87%
Freestyle Wrestling 56 Soviet Union
87%
Greco-Roman Wrestling 9 Ukraine
87%
Freestyle Wrestling 12 Ukraine
87%
Freestyle Wrestling 3 Australia
83%
Greco-Roman Wrestling 7 Belarus
83%
Freestyle Wrestling 7 Belarus
83%
Greco-Roman Wrestling 33 Bulgaria
83%
Freestyle Wrestling 40 Bulgaria
83%
Greco-Roman Wrestling 8 Estonia
83%
Freestyle Wrestling 3 Estonia
83%
Greco-Roman Wrestling 41 Hungary
83%
Freestyle Wrestling 15 Hungary
83%
Greco-Roman Wrestling 25 Turkey
83%
Freestyle Wrestling 43 Turkey
83%
Greco-Roman Wrestling 19 Cuba
78%
Freestyle Wrestling 13 Cuba
78%
Greco-Roman Wrestling 8 Egypt
78%
Greco-Roman Wrestling 6 Kazakhstan
78%
Freestyle Wrestling 12 Kazakhstan
78%
Greco-Roman Wrestling 1 Latvia
78%
Greco-Roman Wrestling 2 Lithuania
78%
Greco-Roman Wrestling 2 Serbia
78%
Freestyle Wrestling 1 Spain
78%
Greco-Roman Wrestling 19 Italy
74%
Freestyle Wrestling 3 Italy
74%
Greco-Roman Wrestling 16 South Korea
74%
Freestyle Wrestling 20 South Korea
74%
Greco-Roman Wrestling 58 Sweden
74%
Freestyle Wrestling 28 Sweden
74%
Greco-Roman Wrestling 10 Armenia
70%
Freestyle Wrestling 1 Armenia
70%
Greco-Roman Wrestling 8 Azerbaijan
70%
Freestyle Wrestling 20 Azerbaijan
70%
Greco-Roman Wrestling 1 Czech Republic
70%
Greco-Roman Wrestling 10 Denmark
70%
Greco-Roman Wrestling 9 Greece
70%
Freestyle Wrestling 3 Greece
70%
Greco-Roman Wrestling 1 Moldova
70%
Greco-Roman Wrestling 5 Norway
70%
Freestyle Wrestling 4 Norway
70%
Greco-Roman Wrestling 27 Romania
70%
Freestyle Wrestling 7 Romania
70%
Greco-Roman Wrestling 58 Finland
65%
Freestyle Wrestling 25 Finland
65%
Greco-Roman Wrestling 8 Georgia
65%
Freestyle Wrestling 13 Georgia
65%
Freestyle Wrestling 8 India
65%
Freestyle Wrestling 1 Slovakia
65%
Greco-Roman Wrestling 1 Switzerland
65%
Freestyle Wrestling 14 Switzerland
65%
Freestyle Wrestling 1 Syria
65%
Greco-Roman Wrestling 2 Uzbekistan
65%
Freestyle Wrestling 8 Uzbekistan
65%
Freestyle Wrestling 1 Tajikistan
61%
Greco-Roman Wrestling 1 Austria
57%
Freestyle Wrestling 1 Austria
57%
Freestyle Wrestling 3 Belgium
57%
Greco-Roman Wrestling 6 Kyrgyzstan
52%
Freestyle Wrestling 5 Kyrgyzstan
52%
Freestyle Wrestling 3 Colombia
48%
Greco-Roman Wrestling 4 East Germany
48%
Freestyle Wrestling 3 East Germany
48%
Freestyle Wrestling 1 Pakistan
48%
Greco-Roman Wrestling 12 Yugoslavia
48%
Freestyle Wrestling 4 Yugoslavia
48%
Greco-Roman Wrestling 1 North Korea
43%
Freestyle Wrestling 10 North Korea
43%
Greco-Roman Wrestling 3 Lebanon
39%
Freestyle Wrestling 1 Nigeria
39%
Freestyle Wrestling 1 North Macedonia
39%
Freestyle Wrestling 1 Tunisia
39%
Freestyle Wrestling 1 Ecuador
35%
Greco-Roman Wrestling 1 Chile
30%
Greco-Roman Wrestling 5 West Germany
30%
Freestyle Wrestling 4 West Germany
30%
Greco-Roman Wrestling 11 Czechoslovakia
26%
Freestyle Wrestling 4 Czechoslovakia
26%
Freestyle Wrestling 1 San Marino
26%
Freestyle Wrestling 1 Bahrain
17%
Freestyle Wrestling 2 Puerto Rico
17%
Greco-Roman Wrestling 9 Unified Team
13%
Freestyle Wrestling 7 Unified Team
13%
Greco-Roman Wrestling 3 Russian Empire
4%
Greco-Roman Wrestling 3 Russian Olympic Committee
4%
Freestyle Wrestling 5 Russian Olympic Committee
4%
Greco-Roman Wrestling 7 United Team of Germany
0%
Freestyle Wrestling 2 United Team of Germany
0%
No matching quizzes found
Score Distribution
Percent of People with Each Score
Percentile by Number Answered
Your Score History
You have not taken this quiz since the last reset